Pomocnicza Służba Kobiet w Polskich Siłach Zbrojnych na Zachodzie 1939-1945 / (Rekord nr 37131)
| 000 -ETYKIETA REKORDU | |
|---|---|
| podpole kontrolne o stałej długości | 01325nam a2200325 i 4500 |
| 001 - NUMER KONTROLNY REKORDU | |
| pole kontrolne | 37131 |
| 003 - IDENTYFIKATOR NUMERU KONTROLNEGO REKORDU | |
| podpole kontrolne | KOSZ 005 |
| 005 - DATA OSTATNIEJ MODYFIKACJI REKORDU | |
| podpole kontrolne | 20180329134635.0 |
| 008 - POLE O STAŁEJ DŁUGOŚCI - DANE KONTROLNE | |
| podpole kontrolne o stałej długości | 050915s1995 enka g f 001 0 pol |
| 020 ## - MIĘDZYNARODOWY ZNORMALIZOWANY NUMER KSIĄŻKI - ISBN | |
| ISBN | 1872286232 |
| 040 ## - ŹRÓDŁO KATALOGOWANIA | |
| Instytucja, która sporządziła opis | WA N |
| Instytucja, która utworzyła rekord | WA N |
| Instytucja, która dokonała modyfikacji | KOSZ 005/RW |
| 041 0# - KOD JĘZYKA | |
| Kod języka tekstu | pol |
| Kod języka streszczenia lub abstraktu | eng |
| 110 1# - NAZWA CIAŁA ZBIOROWEGO | |
| Nazwa ciała zbiorowego | Polska. |
| Nazwa jednostki podrzędnej | Polskie Siły Zbrojne na Zachodzie. |
| -- | Koło Kobiet Żołnierzy w Wielkiej Brytanii. |
| 245 10 - TYTUŁ/ODPOWIEDZIALNOŚĆ | |
| Tytuł | Pomocnicza Służba Kobiet w Polskich Siłach Zbrojnych na Zachodzie 1939-1945 / |
| Pozostałe elementy strefy tytułu i oznaczenia odpowiedzialności | [zespół redakcyjny: Anna Dzierżek et al.]. |
| 246 30 - WARIANT TYTUŁU | |
| Tytuł | PSK 1939-45. |
| 260 ## - STREFA ADRESU WYDAWNICZEGO | |
| Miejsce wydania | Londyn : |
| Nazwa wydawcy/dystrybutora | Koło Kobiet Żołnierzy PSZ w W. Brytanii, |
| Data publikacji, dystrybucji/powstania dokumentu | 1995. |
| 300 ## - STREFA OPISU FIZYCZNEGO | |
| Objętość | 207 stron : |
| Inne cechy fizyczne | ilustracje ; |
| Rozmiary | 30 cm. |
| 336 ## - TYP ZAWARTOŚCI | |
| Termin opisujący typ zawartości | Tekst |
| Kod określający zawartość | txt |
| Źródło (terminu i kodu) | rdacontent |
| 337 ## - TYP MEDIÓW | |
| Tryb odtwarzania | |
| Kod typu mediów | n |
| Źródło (terminu i kodu) | rdamedia |
| 338 ## - TYP/RODZAJ NOŚNIKA | |
| Hasło opisujące typ nośnika | Wolumin |
| Kod typu nośnika | nc |
| Źródło (terminu i kodu) | rdacarrier |
| 380 ## - FORMA I TYP PUBLIKACJI | |
| Forma i typ publikacji | Druki ulotne. |
| 504 ## - UWAGA DOTYCZĄCA BIBLIOGRAFII | |
| Informacje o bibliografii | Bibliografia na stronie 203. Indeks. |
| 546 ## - UWAGA O JĘZYKU | |
| Uwaga o języku | Streszczenie w języku angielskim. |
| 610 24 - HASŁO PRZEDMIOTOWE W FORMIE NAZWY CIAŁA ZBIOROWEGO | |
| Nazwa ciała zbiorowego lub nazwa geograficzna | Pomocnicza Służba Kobiet (Polskie Siły Zbrojne na Zachodzie) |
| 658 ## - TERMIN INDEKSOWY - PRZEDMIOT PROGRAMU NAUCZANIA | |
| Główny przedmiot programu nauczania | Historia |
| 700 1# - HASŁO DODATKOWE - NAZWA OSOBOWA | |
| Nazwa osobowa | Dzierżek, Anna. |
| Określenie związku między hasłem a opisywanym materiałem | Redakcja |
| 710 2# - HASŁO DODATKOWE - NAZWA CIAŁA ZBIOROWEGO | |
| Nazwa ciała zbiorowego lub jednostki geograficznej | Koło Kobiet Żołnierzy PSZ w Wielkiej Brytanii. |
| 856 ## - LOKALIZACJA I DOSTĘP DO ELEKTRONICZNYCH DOKUMENTÓW ZDALNYCH | |
| Link (URL) | http://koha.tu.koszalin.pl/cgi-bin/koha/opac-detail.pl?biblionumber=37131 |
| Tekst linku | Katalog online BPK |
| 942 ## - DODATKOWE ELEMENTY (KOHA) | |
| Schemat klasyfikacji | Uniwersalna Klasyfikacja Dziesiętna |
| Typ dokumentu | Książka |
| Wycofany | Status egzemplarza | Uszkodzony | Dostępność | Kolekcja | Lokalizacja stała | Lokalizacja bieżąca | Miejsce przechowywania | Sygnatura | Kod kreskowy | Typ dokumentu |
|---|---|---|---|---|---|---|---|---|---|---|
| Tylko na miejscu | Kolekcja prof. Bogusława Polaka | Biblioteka Politechniki Koszalińskiej | Biblioteka Politechniki Koszalińskiej | Czytelnia Wydziałowa ul. Kwiatkowskiego 6e | 52787 | 01483611 | Książka |
